Die Integration des Verkehrs ; europaische Erfahrungen und Probleme.

Bibliographic Details
Main Author: Stohler, Jacques
Format: Book
Language:German
Published: Basel : Kyklos-Verlag, 1963.
Series:Veröffentlichungen der List Gesellschaft e.V ; Bd. 33.
Subjects:

MARC

Tag First Indicator Second Indicator Subfields
LEADER 00000cam a2200000 4500
001 in00000084575
005 20151008053151.0
008 800515s1963 sz b b 00000 ger
010 |a  64054605  
035 |a (OCoLC)06321554 
035 |9 AAH6494AM 
040 |a DLC  |c TXA  |d UtOrBLW 
049 |a TXAM  |c [414455] 
050 0 |a HE242  |b .S78 
092 |a 385  |b S873i 
100 1 |a Stohler, Jacques. 
245 1 4 |a Die Integration des Verkehrs ;  |b europaische Erfahrungen und Probleme. 
264 1 |a Basel :  |b Kyklos-Verlag,  |c 1963. 
300 |a x, 180 pages :  |b maps (part folded) ;  |c 24 cm. 
336 |a text  |b txt  |2 rdacontent 
337 |a unmediated  |b n  |2 rdamedia 
338 |a volume  |b nc  |2 rdacarrier 
490 1 |a Veroffentlichungen der List Gesellschaft, Bd. 33. Reihe A: Studien des List-Instituts 
504 |a Bibliography: pages [175]-180. 
650 0 |a Transportation  |z European Economic Community countries. 
830 0 |a Veröffentlichungen der List Gesellschaft e.V ;  |v Bd. 33. 
999 |a MARS 
999 f f |s a3cfb4ed-a9cd-369b-9274-5338f37218cb  |i e5a38d50-7f6b-3f0b-8331-e6065518cc44  |t 0 
952 f f |p ric  |a Texas A&M University  |b Rellis Campus  |c Joint Library Facility  |d Remote Storage  |t 0  |e HE242 .S78  |h Library of Congress classification  |i unmediated -- volume  |m A14800878785 
998 f f |a HE242 .S78  |t 0  |l Remote Storage